A ilha mortal (Record no. 2006)
[ view plain ]
| 000 -Etiqueta do registo | |
|---|---|
| Valores | 00728nam a2200265 4500 |
| 010 ## - Número ISBN | |
| ISBN | 9789722085748 |
| 021 ## - Número do Depósito Legal | |
| Código do país | Portugal |
| Número | 548552/25 |
| 100 ## - Dados gerais de processamento | |
| Dados gerais | 20251124d2025 m||y0pory50030103ba |
| 101 ## - Língua de publicação | |
| Língua | Português |
| 102 ## - País de publicação | |
| País | Portugal |
| 200 ## - Titulo e menção de responsabilidade | |
| Título próprio | A ilha mortal |
| Primeira menção de responsabilidade | Samuel Bjork |
| Outras menções de responsabilidade | trad. Vasco Teles de Menezes |
| 205 ## - Menção da edição | |
| Edição | 1ª edição |
| 210 ## - Publicação | |
| Local de publicação | Alfragide |
| Nome do editor | Dom Quixote |
| Data de publicação | 2025 |
| 215 ## - Descrição física | |
| Paginação / Volumes | 557 p. |
| Dimensões | 24 cm |
| 300 ## - Notas gerais | |
| Texto da nota | BMB-Registado |
| 304 ## - Nota relativa ao título | |
| Texto de nota | Tít. orig.: Hitra |
| 606 ## - Nome comum usado como assunto | |
| ID Autoridade | 1161 |
| Palavra de ordem | Literatura Norueguesa |
| 606 ## - Nome comum usado como assunto | |
| ID Autoridade | 778 |
| Palavra de ordem | Romance Policial |
| 675 ## - CDU | |
| Notação | 821.113.5-312.4 |
| Edição | BMB |
| Língua | por |
| 700 ## - Autor principal (pessoa individual) | |
| Apelido | Bjork |
| Nome | Samuel |
| ID Autoridade | 2880 |
| 702 ## - Autor secundário (pessoa individual) | |
| Apelido | Meneses |
| Nome | Vasco Teles de |
| Datas | 1978 |
| Função | Tradutor |
| ID Autoridade | 1546 |
| 801 ## - Fonte de origem | |
| País | PT |
| Agência | BMB |
| Regras de catalogação | RPC |
| 990 ## - Elementos KOHA | |
| Tipo de documento | Livro |
| Situação do levantamento | Estado | Número | Biblioteca de origem | Código de barras | Cota | Permissão de empréstimo | Tipo de documento | Forma de aquisição |
|---|---|---|---|---|---|---|---|---|
| 1 | Biblioteca Municipal de Borba | 1956 | 821.113.5-312.4 BJO / ILH | Livro | Compra |